[Event "GEO-ch U20 Girls 2020"]
[Site "Tbilisi"]
[Date "2020.08.12"]
[Round "7.12"]
[White "Oniani, Tamar"]
[Black "Mgeladze, Kesaria"]
[Result "1/2-1/2"]
[WhiteElo "1569"]
[BlackElo "1215"]
[Annotator "NA"]
[PlyCount "97"]
[EventDate "2020.08.06"]
[EventType "tourn"]
[EventCountry "GEO"]
[SourceTitle "playchess.com"]
[Source "ChessBase"]
[SourceQuality "1"]
[TimeControl "40/5400+30:1800+30"]

1. d4 {[%emt 0:00:00]} Nf6 {[%emt 0:00:00]} 2. c4 {[%emt 0:00:00]} g6 {[%emt 0:00:00]} 3. Nc3 {[%emt 0:00:00]} Bg7 {[%emt 0:00:00]} 4. e4 {[%emt 0:00:00]} d6 {[%emt 0:00:00]} 5. Be2 {[%emt 0:00:00]} O-O {[%emt 0:00:00]} 6. Bg5 {[%emt 0:00:00]} Nc6 {[%emt 0:01:42]} 7. d5 {[%emt 0:03:05]} Nb8 {[%emt 0:00:29]} 8. Qd2 {[%emt 0:00:53]} Nbd7 {[%emt 0:00:48]} 9. h4 {[%emt 0:00:42]} Nc5 {[%emt 0:05:22]} 10. f3 {[%emt 0:00:11]} h5 {[%emt 0:01:55]} 11. Nh3 {[%emt 0:16:23]} c6 {[%emt 0:02:37]} 12. Bh6 {[%emt 0:17:00]} Qa5 {[%emt 0:04:16]} 13. Rb1 {[%emt 0:02:35]} Qc7 {[%emt 0:07:55]} 14. Nf2 {[%emt 0:06:23]} cxd5 {[%emt 0:01:46]} 15. cxd5 {[%emt 0:04:33]} a6 {[%emt 0:01:25]} 16. g4 {[%emt 0:08:54]} b5 {[%emt 0:03:19]} 17. b4 {[%emt 0:07:43]} Bxh6 {[%emt 0:04:26]} 18. Qxh6 {[%emt 0:15:49]} Nd3+ {[%emt 0:03:06]} 19. Nxd3 {[%emt 0:02:23]} Qxc3+ {[%emt 0:02:13]} 20. Kf2 {[%emt 0:01:32]} Bb7 {[%emt 0:23:53]} 21. gxh5 {[%emt 0:00:49]} Nxh5 {[%emt 0:00:31]} 22. Rbg1 {[%emt 0:02:35]} Qd4+ {[%emt 0:01:02]} 23. Kf1 {[%emt 0:00:03]} Qg7 {[%emt 0:00:27]} 24. Qg5 {[%emt 0:00:12]} Qa1+ {[%emt 0:01:46]} 25. Ne1 {[%emt 0:00:19]} Qe5 {[%emt 0:04:36]} 26. Qxe5 {[%emt 0:05:11]} dxe5 {[%emt 0:00:07]} 27. Rg5 {[%emt 0:00:12]} Rac8 {[%emt 0:00:41]} 28. Rhg1 {[%emt 0:00:02]} Nf4 {[%emt 0:02:27]} 29. Rxe5 {[%emt 0:00:18]} e6 {[%emt 0:01:19]} 30. dxe6 {[%emt 0:00:50]} Nxe6 {[%emt 0:00:59]} 31. h5 {[%emt 0:02:18]} Nf4 {[%emt 0:00:37]} 32. Rg4 {[%emt 0:01:40]} Nxe2 {[%emt 0:01:19]} 33. Kxe2 {[%emt 0:00:16]} Rc4 {[%emt 0:01:53]} 34. Re7 {[%emt 0:00:09]} Bc8 {[%emt 0:00:10]} 35. Rg5 {[%emt 0:00:41]} Kg7 {[%emt 0:02:25]} 36. hxg6 {[%emt 0:01:55]} Rxb4 {[%emt 0:01:43]} 37. Rxf7+ {[%emt 0:01:49]} Rxf7 {[%emt 0:00:10]} 38. gxf7+ {[%emt 0:00:03]} Kxf7 {[%emt 0:00:10]} 39. Rc5 {[%emt 0:00:13]} Be6 {[%emt 0:00:46]} 40. Nc2 {[%emt 0:01:45]} Rb2 {[%emt 0:00:32]} 41. a3 {[%emt 0:30:05]} Rb3 {[%emt 0:30:49]} 42. f4 {[%emt 0:00:42]} Bc4+ {[%emt 0:00:14]} 43. Kd2 {[%emt 0:00:06]} Rf3 {[%emt 0:00:51]} 44. Rf5+ {[%emt 0:00:15]} Ke7 {[%emt 0:00:24]} 45. Re5+ {[%emt 0:00:31]} Kf6 {[%emt 0:00:11]} 46. Rf5+ {[%emt 0:00:36]} Ke7 {[%emt 0:00:04]} 47. Re5+ {[%emt 0:01:11]} Kd6 {[%emt 0:00:26]} 48. Rf5 {[%emt 0:00:17]} Ke7 {[%emt 0:01:01]} 49. Re5+ {[%emt 0:00:46]} 1/2-1/2

[Event "GEO-ch U20 Girls 2020"]
[Site "Tbilisi"]
[Date "2020.08.13"]
[Round "8.7"]
[White "Donghvani, Nia"]
[Black "Esadze, Tamari"]
[Result "1-0"]
[WhiteElo "1994"]
[BlackElo "1882"]
[Annotator "TA"]
[PlyCount "123"]
[EventDate "2020.08.06"]
[EventType "tourn"]
[EventCountry "GEO"]
[SourceTitle "playchess.com"]
[Source "ChessBase"]
[SourceQuality "1"]

{[%evp 12,123,29,0,15,0,29,0,0,0,39,32,65,58,60,64,67,-92,-95,-106,-116,-118,-124,-131,-123,-140,-135,-150,-115,-111,-113,-109,-85,-86,-75,-103,-71,-95,-91,-102,-84,-105,-101,-216,-210,-233,-218,-208,0,0,102,110,124,15,19,34,23,32,436,453,521,535,527,441,869,867,1080,619,814,652,724,708,732,656,847,845,906,903,1061,984,1050,974,947,966,886,875,923,795,876,923,992,972,977,962,1570,1435,29984,1347,29970,29970,5593,5306,29973,1193,2168,1402,1663,1012,1675,1581,2008,1136,29987,824]} 1. e4 c5 2. Nf3 d6 3. d4 cxd4 4. Nxd4 Nf6 5. Nc3 a6 6. h3 e5 7. Nb3 Be6 {B90: Sicilian Najdorf: Unusual White 6th moves, 6 Be3 Ng4 and 6 Be3 e5.} 8. Be3 Be7 9. Qf3 O-O {The position is equal.} 10. g4 Nc6 11. O-O-O $1 Rc8 12. Kb1 b5 13. g5 Nd7 {[#]} 14. Nd5 $146 (14. h4 $14) ({Predecessor:} 14. h4 Nb6 15. Bxb6 Qxb6 16. Nd5 Qa7 17. Bh3 Kh8 18. Bf5 {1-0 (43) Andriasian,Z (2622)-Kantans,T (2476) Bastia 2016}) 14... Bxg5 $17 15. Rg1 Bxe3 16. Qxe3 Bxd5 17. Rxd5 Nf6 18. Rd1 Ne7 19. f4 exf4 20. Qxf4 Ng6 21. Qf3 Qe7 22. Bd3 Qe5 23. Rdf1 Rfe8 24. Qf2 d5 25. exd5 Qxd5 26. Bf5 Rc4 27. Qa7 (27. a3 $17) 27... Nf4 $19 28. Rg5 {[#] aiming for Bxh7+!} Kh8 $1 29. Rfg1 Ne2 $2 (29... h6 $19 30. Rxg7 Qxf5 {[%mdl 64] Double Attack} 31. Qxf7 Qe5) 30. Bd3 $11 Qe6 (30... Qd7 $11 {remains equal.} 31. Qxd7 Nxd7 32. Bxe2 Rxe2) 31. Bxc4 $16 bxc4 {[#]} 32. Nc5 (32. Nd4 $1 $16 {[%cal Rd4e6]} Nxd4 33. Qxd4) 32... Qe3 $1 $11 33. Qxf7 {[%csl Gg1,Gg5][%cal Rf7g7][%mdl 64] Double Attack} Rg8 34. Qe6 Qf3 $2 {[%mdl 8192]} ({Black should try} 34... Qxe6 $14 35. Nxe6 Nxg1 36. Rxg1 a5) 35. Re1 $18 Re8 {[#]} 36. Qf7 $1 {[%csl Gg5][%cal Rf7g7]} Rg8 37. Re5 Nc3+ (37... Nf4 $142 38. Qxc4 Ng2) 38. bxc3 Qxc3 39. Qb7 Qg3 40. Qb2 c3 41. Qb7 h6 42. Nb3 Qf4 43. Qxa6 Qg3 44. Qd3 Qg2 45. Qxc3 Ra8 46. Rc5 Qb7 47. Rc7 Qa6 48. Qb2 Qd6 49. Rc3 Rb8 50. Rd3 Qb4 51. Red1 Kh7 52. Qc3 Qa3 53. Rd8 Rb4 54. R1d4 (54. Qe5 $142 Rf4 55. Qxf4 Qe7 56. R1d6 Qe1+ 57. Kb2 Qe4 58. Qxe4+ Nxe4 59. Rb6) 54... Rb7 55. Qd3+ g6 56. Qc3 Ra7 57. Qb2 (57. R4d6 $142 Qxa2+ 58. Kc1 Qa3+ 59. Kd1 Qxd6+ 60. Rxd6 Nh5 61. Qe3 Rf7 62. Qe8) 57... Qe7 58. Rd1 Rc7 59. Ra8 g5 60. Rf1 Rc6 61. Qd4 {And now Ra7! would win.} Qe2 62. Qd3+ {Quite a comeback for White. Accuracy: White = 71%, Black = 58%.} (62. Rxf6 $142 Qxc2+ 63. Ka1 Qc3+ 64. Qxc3 Rxc3 65. Ra7+ Kg8 66. Rg6+ Kh8 67. Nd4) 1-0

[Event "GEO-ch U20 Girls 2020"]
[Site "Tbilisi"]
[Date "2020.08.13"]
[Round "8.8"]
[White "Lomaia, Diana"]
[Black "Pipia, Ekaterine"]
[Result "1-0"]
[WhiteElo "1999"]
[BlackElo "2071"]
[Annotator "TA"]
[PlyCount "71"]
[EventDate "2020.08.06"]
[EventType "tourn"]
[EventCountry "GEO"]
[SourceTitle "playchess.com"]
[Source "ChessBase"]
[SourceQuality "1"]

{[%evp 9,71,6,16,19,21,24,18,13,31,16,44,0,9,-6,25,-34,-42,-38,-28,-33,4,-56,-35,-40,13,6,12,14,15,15,16,16,22,20,20,18,22,14,37,20,37,27,45,50,42,54,61,35,455,178,370,359,729,694,1149,1016,5510,5410,29985,29986,29986,29987,29991,29990]} 1. d4 d5 2. c4 e6 3. g3 Nf6 4. Nf3 Bb4+ 5. Bd2 Bd6 6. Bg2 {E01: Catalan: Early deviations.} O-O 7. O-O c6 8. Qc2 {The position is equal.} Nbd7 9. b3 dxc4 {[#]} 10. Qxc4 $146 ({Predecessor:} 10. bxc4 e5 11. Bc3 Re8 12. Nbd2 exd4 13. Nxd4 Nc5 14. Rad1 Qb6 15. e4 a5 16. h3 {½-½ (66) Yakovlev,E (2232)-Tishova,S (2136) Moscow 2018}) 10... e5 11. e3 Ne4 12. Nc3 (12. Bc1 $11) 12... Nxd2 13. Nxd2 exd4 14. exd4 Nf6 15. Rad1 (15. Nde4 $11) 15... Be6 16. Qd3 Qa5 ({Black should play} 16... Bb4 $15) 17. Nc4 $11 Bxc4 18. bxc4 Bb4 19. Ne4 {Strongly threatening Nxf6+.} Nxe4 20. Bxe4 g6 21. Qb1 Rad8 22. h4 Rfe8 23. Bf3 Re7 24. h5 Bc3 25. d5 cxd5 26. Bxd5 {hxg6 is the strong threat.} Kg7 27. Kg2 b6 28. Rh1 {And now Qc1 would win.} Re2 $2 {[%mdl 8192] This costs Black the game.} ({Black should try} 28... Bf6 $14) 29. Qd3 $2 (29. hxg6 fxg6 {[#]} 30. Bf7 $1 {[%mdl 512]} (30. Qc1 Bd2 $11)) 29... Rde8 $2 (29... Re7 30. g4 b5) 30. Qf3 $18 ({Weaker is} 30. hxg6 fxg6 31. Qf3 R2e7 $18) 30... f6 $2 (30... R8e7 31. h6+ Kf8) 31. Bc6 R8e7 32. Rd8 h6 33. Bd5 Re8 34. Rxe8 {White mates.} Rxe8 {[#]} 35. Qg4 $1 {[%mdl 512]} Kh8 36. Qxg6 {Accuracy: White = 76%, Black = 44%.} 1-0

[Event "GEO-ch U20 Girls 2020"]
[Site "Tbilisi"]
[Date "2020.08.13"]
[Round "8.9"]
[White "Bedoshvili, Dea"]
[Black "Koridze, Lile"]
[Result "0-1"]
[WhiteElo "1587"]
[BlackElo "1996"]
[Annotator "TA"]
[PlyCount "96"]
[EventDate "2020.08.06"]
[EventType "tourn"]
[EventCountry "GEO"]
[SourceTitle "playchess.com"]
[Source "ChessBase"]
[SourceQuality "1"]

{[%evp 19,96,-14,0,-6,-10,-6,-13,-65,-76,-175,-163,-433,-388,-481,-402,-394,-394,-393,-395,-398,-384,-739,-548,-549,-555,-517,-546,-531,-522,-476,-409,-372,-270,-272,-241,-240,-233,-235,-233,-279,-277,-276,-272,-277,-274,-272,-271,-327,-327,-339,-311,-320,-343,-346,-339,-339,-335,-343,-267,-373,-356,-468,-456,-504,-501,-509,-484,-756,-739,-679,-799,-786,-782,-29971,-29973,-29957,-29950,-5385,-5022]} 1. d4 Nf6 2. Nf3 d5 3. Nbd2 c5 4. e3 Nc6 5. c3 e6 6. Bd3 Bd6 7. O-O O-O 8. dxc5 Bxc5 9. e4 Qc7 10. Qe2 h6 11. e5 {is the legacy move (11.b4). D05: Colle System with ...e6.} Ng4 {[%cal Rg4e5]} 12. Nb3 Bb6 {[%cal Rg4e5] [#]} 13. Kh1 $146 (13. Nbd4 $11) ({Predecessor:} 13. Bf4 f6 14. Bg3 Ngxe5 15. Nxe5 fxe5 16. Rae1 Qf7 17. Bxe5 Nxe5 18. Qxe5 Bxf2+ 19. Kh1 Qe7 20. Rd1 {1-0 (38) Karthikeyan,M (2444)-Sengupta,D (2570) Hyderabad 2013}) 13... f6 $15 {[%cal Rf6e5]} 14. exf6 (14. h3 $17 Ngxe5 15. Bf4) 14... Rxf6 $19 15. g3 $2 {[#]} (15. h3 Nge5 16. Nxe5 Nxe5 17. Be3) 15... e5 16. Bc2 Nxf2+ 17. Rxf2 Bxf2 18. Qxf2 Bg4 19. Bd1 Raf8 {[%cal Rg4f3]} 20. Qd2 $2 (20. Be3) 20... Bxf3+ 21. Bxf3 Rxf3 22. Qxd5+ Qf7 23. Qxf7+ R8xf7 24. Bd2 Rd3 25. Re1 Rf2 26. Bc1 b6 27. Kg1 Rf7 28. Nd2 Rfd7 29. Ne4 Rd1 30. Kf2 Rxe1 31. Kxe1 {[%mdl 4096] Endgame KRN-KBN} Kf7 32. Ke2 Ne7 33. b4 Nd5 34. a4 Nf6 35. Nd2 Ke6 36. c4 Kf5 37. Bb2 e4 38. Nb3 Kg4 39. c5 bxc5 40. Nxc5 Re7 41. b5 Nd5 42. Nb3 Rc7 {[#] Strongly threatening ...Rc2+.} 43. Be5 (43. Bd4 $142 Rc4 44. Bxa7) 43... Rc2+ 44. Ke1 Rxh2 45. Bxg7 e3 {aiming for ...Nb4.} 46. Nd4 Nc3 {[%cal Rh2h1]} 47. Kf1 e2+ 48. Nxe2 Nxe2 {White got outplayed after the opening. Accuracy: White = 45%, Black = 84%.} 0-1

[Event "GEO-ch U20 Girls 2020"]
[Site "Tbilisi"]
[Date "2020.08.13"]
[Round "8.10"]
[White "Tsotsonava, Elene"]
[Black "Kirtadze, Anastasia"]
[Result "0-1"]
[WhiteElo "2012"]
[BlackElo "1679"]
[Annotator "TA"]
[PlyCount "80"]
[EventDate "2020.08.06"]
[EventType "tourn"]
[EventCountry "GEO"]
[SourceTitle "playchess.com"]
[Source "ChessBase"]
[SourceQuality "1"]

{[%evp 21,80,58,66,58,61,50,67,24,57,29,73,58,72,10,7,11,68,59,50,61,54,0,40,25,58,18,45,46,96,95,50,98,95,-129,-125,-124,-129,-287,-290,-293,0,0,0,-257,-260,-261,-239,-289,-290,-355,-355,-303,-327,-618,-617,-886,-713,-1041,-640,-1093,-625]} 1. e4 e6 2. d4 d5 3. Nd2 dxe4 4. Nxe4 Bd7 5. Nf3 Bc6 6. Bd3 Nd7 7. O-O Ngf6 8. Ng3 Bxf3 9. Qxf3 c6 10. b3 Be7 11. Bb2 O-O 12. Rad1 {C10: French with 3 Nc3: Unusual Black 3rd moves and 3...dxe4.} Qa5 13. a3 Rfd8 14. Rfe1 {White is slightly better.} Bf8 15. c4 {[#]} Rac8 $146 ({Predecessor:} 15... Bxa3 16. Ra1 Qxe1+ 17. Rxe1 Bxb2 18. Ne2 e5 19. g4 exd4 20. Rb1 Bc3 21. g5 Ne8 {0-1 (42) Kargin,A (2433)-Primbetov,K (2258) Budapest 2017}) 16. h4 b5 17. cxb5 (17. b4 $16 Qb6 18. d5 cxd5 19. c5) 17... cxb5 $11 18. d5 exd5 (18... Nxd5 $11 19. Nh5 N7f6) 19. Nf5 Re8 20. b4 {[%mdl 1024] White has compensation.} Qb6 21. Qg3 (21. g4 $14) 21... Kh8 22. Bd4 Qa6 23. Bb1 g6 24. h5 gxf5 25. Bxf5 Rxe1+ 26. Rxe1 Rc4 27. Qg4 $2 {[#]} (27. Qd3 $16 {and life is bright.} Rxd4 28. Qxd4) 27... Qb6 $1 $17 {[%mdl 512]} 28. Bxb6 {aiming for Bd4!} Nxg4 29. Bxd7 $2 (29. Bxa7 $17 {was the only defense.} Nde5 30. Rd1) 29... axb6 $19 30. Bxb5 Rc8 $2 (30... Rc2 $19 31. Re8 Kg8) 31. Bd7 $1 $11 {[%cal Rd7c8]} Rc4 {White must now prevent ...Nf6.} 32. Bxg4 $2 {[%mdl 8192]} (32. Bb5 $1 $11) 32... Rxg4 {[%mdl 4096] Endgame KRB-KR} 33. Re8 Kg7 34. h6+ Kg8 ({Weaker is} 34... Kxh6 35. Rxf8 Kg7 36. Rb8 $16) 35. Rb8 Rg6 36. a4 Rxh6 37. b5 $2 (37. a5 bxa5 38. bxa5) 37... Kg7 $19 {Threatens to win with ...d4.Black is clearly winning.} 38. a5 bxa5 {Strongly threatening ...d4.} 39. b6 Rc6 40. g3 Bd6 {Accuracy: White = 43%, Black = 58%.} 0-1

[Event "GEO-ch U20 Girls 2020"]
[Site "Tbilisi"]
[Date "2020.08.13"]
[Round "8.11"]
[White "Mgeladze, Kesaria"]
[Black "Antia, Sopia"]
[Result "0-1"]
[WhiteElo "1215"]
[BlackElo "1653"]
[Annotator "NA RC"]
[PlyCount "144"]
[EventDate "2020.08.06"]
[EventType "tourn"]
[EventCountry "GEO"]
[SourceTitle "playchess.com"]
[Source "ChessBase"]
[SourceQuality "1"]
[TimeControl "40/5400+30:1800+30"]

1. e4 {[%emt 0:00:00]} c5 {[%emt 0:00:00]} 2. c3 {[%emt 0:00:00]} e6 {[%emt 0:00:09]} 3. d4 {[%emt 0:00:00]} d5 {[%emt 0:00:12]} 4. exd5 {[%emt 0:00:00]} exd5 {[%emt 0:00:06]} 5. Nf3 {[%emt 0:00:00]} Nc6 {[%emt 0:00:04]} 6. Be3 {[%emt 0:00:00]} Qb6 {[%emt 0:03:18]} 7. Qb3 {[%emt 0:11:17]} c4 {[%emt 0:00:28]} 8. Qxb6 {[%emt 0:02:12]} axb6 {[%emt 0:00:04]} 9. g3 {[%emt 0:02:29]} Bf5 {[%emt 0:01:45]} 10. Nbd2 {[%emt 0:02:26]} b5 {[%emt 0:01:48]} 11. Ne5 {[%emt 0:04:59]} b4 {[%emt 0:03:29]} 12. Bg2 {[%emt 0:00:58]} bxc3 {[%emt 0:01:16]} 13. bxc3 {[%emt 0:00:11]} f6 {[%emt 0:01:56]} 14. Nxc6 {[%emt 0:00:39]} bxc6 {[%emt 0:00:04]} 15. Nxc4 {[%emt 0:00:11]} Ra6 {[%emt 0:08:36]} 16. Nd2 {[%emt 0:15:25]} Ba3 {[%emt 0:00:10]} 17. Nb3 {[%emt 0:08:48]} Bb2 {[%emt 0:04:12]} 18. Kd2 {[%emt 0:02:49]} Bxa1 {[%emt 0:00:39]} 19. Rxa1 {[%emt 0:00:05]} Ne7 {[%emt 0:01:13]} 20. a4 {[%emt 0:00:06]} O-O {[%emt 0:01:55]} 21. Bf1 {[%emt 0:00:36]} Rb6 {[%emt 0:00:28]} 22. Nc5 {[%emt 0:06:34]} Rb2+ {[%emt 0:00:45]} 23. Kd1 {[%emt 0:00:08]} Rfb8 {[%emt 0:01:02]} 24. a5 {[%emt 0:06:41]} Rb1+ {[%emt 0:00:59]} 25. Rxb1 {[%emt 0:00:09]} Rxb1+ {[%emt 0:00:05]} 26. Bc1 {[%emt 0:00:20]} Nc8 {[%emt 0:02:10]} 27. Ba6 {[%emt 0:03:23]} Na7 {[%emt 0:00:49]} 28. Bb7 {[%emt 0:00:07]} Kf7 {[%emt 0:05:37]} 29. a6 {[%emt 0:00:16]} Ke8 {[%emt 0:01:10]} 30. Kd2 {[%emt 0:00:26]} Kd8 {[%emt 0:01:04]} 31. Ba3 {[%emt 0:00:18]} Ra1 {[%emt 0:04:41]} 32. Bb4 {[%emt 0:00:15]} Bc8 {[%emt 0:01:12]} 33. Nb3 {[%emt 0:02:03]} Ra2+ {[%emt 0:00:05]} 34. Ke3 {[%emt 0:00:22]} Kc7 {[%emt 0:04:40]} 35. Na5 {[%emt 0:02:53]} Bh3 {[%emt 0:03:59]} 36. Nb3 {[%emt 0:04:57]} Bf1 {[%emt 0:08:12]} 37. Nc5 {[%emt 0:00:28]} Kb6 {[%emt 0:09:13]} 38. Nd7+ {[%emt 0:01:53]} Kc7 {[%emt 0:01:37]} 39. Nc5 {[%emt 0:00:09]} Bh3 {[%emt 0:00:25]} 40. Nb3 {[%emt 0:00:35]} Nc8 {[%emt 0:04:03]} 41. Na5 {[%emt 0:32:43]} Bd7 {[%emt 0:35:29]} 42. Nb3 {[%emt 0:08:29]} Nb6 {[%emt 0:02:42]} 43. Ba5 {[%emt 0:04:13]} Ra3 {[%emt 0:01:32]} 44. Bxb6+ {[%emt 0:00:08]} Kxb6 {[%emt 0:00:05]} 45. Nc5 {[%emt 0:00:17]} Bh3 {[%emt 0:01:52]} 46. Ke2 {[%emt 0:00:53]} Kc7 {[%emt 0:01:05]} 47. Kd3 {[%emt 0:01:43]} Bc8 {[%emt 0:02:32]} 48. Kd2 {[%emt 0:00:55]} Ra2+ {[%emt 0:00:53]} 49. Ke3 {[%emt 0:00:11]} Bxb7 {[%emt 0:00:19]} 50. axb7 {[%emt 0:00:32]} Rc2 {[%emt 0:00:15]} 51. Ne6+ {[%emt 0:00:56]} Kxb7 {[%emt 0:00:16]} 52. Nxg7 {[%emt 0:00:04]} Rxc3+ {[%emt 0:00:13]} 53. Kd2 {[%emt 0:00:13]} Rc4 {[%emt 0:01:53]} 54. Kd3 {[%emt 0:00:11]} c5 {[%emt 0:01:36]} 55. dxc5 {[%emt 0:00:28]} Rxc5 {[%emt 0:00:32]} 56. Ne6 {[%emt 0:01:48]} Rc1 {[%emt 0:00:41]} 57. Nf4 {[%emt 0:00:45]} Kc6 {[%emt 0:01:09]} 58. Nh5 {[%emt 0:00:19]} f5 {[%emt 0:00:42]} 59. h4 {[%emt 0:01:05]} Kd6 {[%emt 0:01:06]} 60. Nf6 {[%emt 0:00:05]} h6 {[%emt 0:03:18]} 61. Ng8 {[%emt 0:00:07]} Ke5 {[%emt 0:00:34]} 62. Nxh6 {[%emt 0:01:16]} Rc7 {[%emt 0:00:06]} 63. g4 {[%emt 0:00:50]} Rc4 {[%emt 0:02:07]} 64. f3 {[%emt 0:02:04]} Rf4 {[%emt 0:04:54]} 65. Nxf5 {[%emt 0:03:28]} Rxf3+ {[%emt 0:00:04]} 66. Ke2 {[%emt 0:00:09]} Rf4 {[%emt 0:00:22]} 67. Nh6 {[%emt 0:00:25]} Kf6 {[%emt 0:00:14]} 68. Ke3 {[%emt 0:00:38]} Ra4 {[%emt 0:00:42]} 69. Ng8+ {[%emt 0:00:49]} Kg7 {[%emt 0:00:20]} 70. Ne7 {[%emt 0:00:20]} Re4+ {[%emt 0:00:05]} 71. Kd3 {[%emt 0:00:19]} Rxe7 {[%emt 0:00:05]} 72. Kd4 {[%emt 0:00:04]} Re4+ {[%emt 0:00:07]} 0-1

[Event "GEO-ch U20 Girls 2020"]
[Site "Tbilisi"]
[Date "2020.08.13"]
[Round "8.12"]
[White "Bechvaia, Maia"]
[Black "Tsetskhladze, Mariam"]
[Result "1/2-1/2"]
[WhiteElo "1597"]
[BlackElo "1397"]
[Annotator "NA RC"]
[PlyCount "70"]
[EventDate "2020.08.06"]
[EventType "tourn"]
[EventCountry "GEO"]
[SourceTitle "playchess.com"]
[Source "ChessBase"]
[SourceQuality "1"]
[TimeControl "40/5400+30:1800+30"]

1. e4 {[%emt 0:06:11]} e5 {[%emt 0:01:45]} 2. Nf3 {[%emt 0:00:25]} d6 {[%emt 0:00:06]} 3. d4 {[%emt 0:00:29]} exd4 {[%emt 0:00:07]} 4. Nxd4 {[%emt 0:00:04]} Nf6 {[%emt 0:00:06]} 5. Nc3 {[%emt 0:00:07]} Be7 {[%emt 0:00:05]} 6. Bc4 {[%emt 0:09:34]} O-O {[%emt 0:00:10]} 7. O-O {[%emt 0:00:05]} a6 {[%emt 0:00:05]} 8. Qf3 {[%emt 0:14:44]} c6 {[%emt 0:15:52]} 9. Bb3 {[%emt 0:09:33]} b5 {[%emt 0:05:16]} 10. Bf4 {[%emt 0:02:15]} Bg4 {[%emt 0:02:36]} 11. Qg3 {[%emt 0:00:11]} Bc8 {[%emt 0:10:00]} 12. Qd3 {[%emt 0:23:23]} c5 {[%emt 0:06:17]} 13. Ndxb5 {[%emt 0:01:33]} axb5 {[%emt 0:03:14]} 14. Nxb5 {[%emt 0:00:04]} Bb7 {[%emt 0:09:00]} 15. Rfe1 {[%emt 0:00:47]} d5 {[%emt 0:04:35]} 16. exd5 {[%emt 0:04:05]} Bxd5 {[%emt 0:02:10]} 17. Nc7 {[%emt 0:05:54]} Bxb3 {[%emt 0:02:08]} 18. Nxa8 {[%emt 0:00:47]} Qxd3 {[%emt 0:03:48]} 19. cxd3 {[%emt 0:00:05]} Be6 {[%emt 0:00:18]} 20. Nc7 {[%emt 0:00:20]} Nh5 {[%emt 0:01:47]} 21. Nxe6 {[%emt 0:01:03]} fxe6 {[%emt 0:00:28]} 22. Be5 {[%emt 0:02:26]} Nd7 {[%emt 0:03:32]} 23. Bc3 {[%emt 0:00:11]} Nf4 {[%emt 0:01:49]} 24. Rad1 {[%emt 0:00:28]} Kf7 {[%emt 0:01:08]} 25. d4 {[%emt 0:02:00]} Nd5 {[%emt 0:02:07]} 26. dxc5 {[%emt 0:02:44]} Nxc5 {[%emt 0:03:24]} 27. Bd4 {[%emt 0:00:25]} Rb8 {[%emt 0:01:10]} 28. f4 {[%emt 0:03:09]} Bd6 {[%emt 0:04:40]} 29. g3 {[%emt 0:00:37]} g6 {[%emt 0:02:14]} 30. Re2 {[%emt 0:01:08]} Ke7 {[%emt 0:02:34]} 31. Kh1 {[%emt 0:00:48]} Kd7 {[%emt 0:00:35]} 32. Rc2 {[%emt 0:00:59]} Rb5 {[%emt 0:02:04]} 33. a3 {[%emt 0:00:46]} Nb3 {[%emt 0:01:01]} 34. Bf2 {[%emt 0:00:07]} Rb8 {[%emt 0:01:20]} 35. Kg2 {[%emt 0:01:04]} Rb7 {[%emt 0:01:37]} 1/2-1/2

[Event "GEO-ch U20 Girls 2020"]
[Site "Tbilisi"]
[Date "2020.08.14"]
[Round "9.7"]
[White "Lomaia, Diana"]
[Black "Donghvani, Nia"]
[Result "0-1"]
[WhiteElo "1999"]
[BlackElo "1994"]
[Annotator "TA"]
[PlyCount "96"]
[EventDate "2020.08.06"]
[EventType "tourn"]
[EventCountry "GEO"]
[SourceTitle "playchess.com"]
[Source "ChessBase"]
[SourceQuality "1"]

{[%evp 29,96,8,7,-39,0,0,0,0,21,0,177,172,193,-16,-30,-68,-60,-240,-232,-219,-241,-232,-224,-326,-233,-505,-323,-325,-256,-272,-255,-283,-284,-267,-232,-301,-263,-387,-395,-457,-439,-429,-377,-718,-594,-905,-440,-12827,-12826,-1437,-9199,-5894,-5894,-2761,-2136,-12830,-12830,-12834,-12835,-12835,-12835,-29981,-29980,-29983,-12838,-29983,-29984,-29983,-12843]} 1. d4 Nf6 2. c4 c5 3. d5 e6 4. Nc3 exd5 5. cxd5 d6 6. g3 g6 7. Bg2 Bg7 8. Nf3 O-O 9. O-O Re8 10. Nd2 a6 11. a4 Nbd7 12. h3 Rb8 13. Nc4 Ne5 14. Na3 Nh5 15. e4 Bd7 16. f4 {A64: Modern Benoni: Fianchetto Variation: 9...Nbd7 10 Nd2 a6 11 a4 Re8.} b5 17. axb5 axb5 18. fxe5 {Qf3 is the strong threat.The position is equal.} b4 {[#]} 19. Qf3 $146 {Strongly threatening g4.} ({Don't blunder} 19. exd6 $2 bxc3 20. bxc3 Bxc3 $19) ({Predecessor:} 19. Nc4 bxc3 20. Ra7 cxb2 21. Bxb2 Rf8 22. Rf2 dxe5 23. Qa1 Rxb2 24. Qxb2 Nxg3 25. Qb7 {½-½ (50) Kozak,M-Michalek,M Czech Republic 1999}) 19... bxc3 $2 (19... bxa3 $11 20. Rxa3 (20. Qxf7+ Kh8 $17) 20... Bxe5) 20. bxc3 $18 {Threatens to win with g4.} Bxe5 21. g4 $2 (21. Nc4 $18 Qf6 22. Nxe5 Qxf3 23. Nxf3 Nxg3 24. Re1) 21... Ng3 $1 $11 {[%cal Rg3f1]} 22. Rf2 f6 {Hoping for ...Nxe4!} 23. Qd3 $2 {Loses the game.} (23. Nc4 $15 Nxe4 {[%mdl 64] Double Attack} 24. Nxe5 Rxe5 25. Rfa2) 23... Rb3 $19 24. Bd2 {Black should prevent Qc2.} Qa5 25. Nc2 Qb5 26. Qe3 (26. Ne1 $142) 26... g5 27. Na3 $2 (27. Ne1 Bf4 28. Qd3 Qxd3 29. Nxd3 Bxd2 30. Rxd2) 27... Qa6 28. Nc2 Qb7 29. Re1 Rb1 30. Qd3 Rxe1+ 31. Nxe1 Qb3 32. Qa6 Qb1 33. Qa7 (33. Bf1 $142 Qxe4 34. Nf3) 33... Bb5 34. Qb7 {intending c4!} Bf4 35. Rxf4 gxf4 36. c4 $2 (36. Kh2 Nxe4 37. Bxf4 Nxc3 38. Nf3) 36... Nxe4 37. Ba5 {[#]} f3 (37... Nd2 $142 $1 {[%mdl 512]} 38. Bxd2 Rxe1+ 39. Kh2 {[#]} Re2 $1 {[%mdl 512]} 40. Bxf4 Qe4 $1 {[%mdl 576] Double Attack} 41. Qc8+ Be8 42. Qe6+ Qxe6 {[%mdl 64] Overworked Piece} 43. dxe6 Bc6) 38. Bxf3 {[#]} (38. Qxb5 $142 f2+ {[%mdl 64] Pin} 39. Kh2 Qxb5 40. cxb5) 38... Ng5 $1 39. Bg2 Rxe1+ 40. Bxe1 Qxe1+ 41. Kh2 Qe5+ 42. Kh1 Bxc4 43. Qc8+ Kg7 44. Qd7+ Nf7 45. Qb7 Bd3 46. Qb3 Be4 (46... Qe1+ $142 47. Kh2 c4 48. Qb6 c3 49. g5 c2 50. Qc7 c1=Q 51. Qxc1 Qxc1 52. gxf6+ Kxf6 53. Bf3 Qf4+ {[%mdl 64] Double Attack} 54. Kg2 Ng5 55. Bg4 Ne4 56. Bh5 Qg3+ 57. Kh1 Nf2#) 47. Bxe4 Qxe4+ 48. Kh2 c4 {Accuracy: White = 31%, Black = 69%.} 0-1